Super Mario Galaxy 2 - Galaxies with Yoshi - Statistics

General Stats
  • This quiz has been taken 34 times
  • The average score is 6 of 12
Answers on the Grid
Answers color-coded by a green-red scale on the quiz's grid according to % correct below.
Sky Station
Yoshi Star
Spin-Dig
Fluffy Bluff
Flip-Swap
Rightside Down
Fiery Flotilla
Puzzle Plank
Hightail Falls
Boulder Bowl
Cosmic Cove
Wild Glide
Honeybloom
Lava Lair
Tall Trunk
Cloudy Court
Haunty Halls
Freezy Flake
Rolling Masterpiece
Beat Block
Fearsome Fleet
Supermassive
Flipsville
Starshine Beach
Chompworks
Sweet Mystery
Honeyhop
Gravity Gauntlet
Space Storm
Slipsand
Shiverburn
Boo Moon
Upside Dizzy
Fleet Glide
Boom Bunker
Melty Monster
Clockwork Ruins
Throwback
Battle Belt
Flash Black
Slimy Spring
Galaxy Generator
Mario Squared
Rolling Coaster
Twisty Trials
Stone Cyclone
Boss Blitz
Flip-Out
Grandmaster
 
Answer Stats
Answer % Correct
Yoshi Star
100%
Hightail Falls
63%
Grandmaster
58%
Starshine Beach
58%
Fearsome Fleet
53%
Galaxy Generator
53%
Sweet Mystery
53%
Haunty Halls
42%
Flash Black
37%
Tall Trunk
37%
Twisty Trials
32%
Beat Block
26%
No matching quizzes found
Score Distribution
Percent of People with Each Score
Percentile by Number Answered
Your Score History
You have not taken this quiz